000 00811cab a22001935a 4500
001 L152963
008 110518s2011 xxk 000 0 eng d
035 _a(Sirsi) u152963
041 0 _aeng
100 1 _aChallis, Adam
245 0 0 _a2011
_brecovery proving elusive
260 _c2011
490 0 _aSustainablebuilding inc Propertyforecast
_v(51) February 2011, 13-14(2)
520 _aProvides Hamptons International house price forecasts for 2011 and indicates that a sustained market recovery is proving to be elusive. Anticipates a fairly flat picture for the volume of house sales in 2011. Predicts a slow but broad-based improvement for the housing market in 2012.
590 _aKA
651 4 _aUnited Kingdom
_y
690 _aPROPERTY-RESIDENTIAL PROPERTY-RESIDENTIAL PROPERTY MARKET
942 _n0
999 _c83149
_d83149